|
|
|
|
| LEADER |
00692cam a2200193 7i4500 |
| 001 |
0000045118 |
| 005 |
20170218090000.0 |
| 020 |
|
|
|a 9780321793843 (pbk.)
|
| 020 |
|
|
|a 0321793846 (pbk.)
|
| 090 |
0 |
0 |
|a TR263.N5
|b S95 2011
|
| 100 |
1 |
|
|a Sylvan, Rob
|
| 245 |
1 |
0 |
|a Nikon D5100 :
|b from snapshots to great shots
|c Rob Sylvan.
|
| 260 |
|
|
|a Berkeley, CA.:
|b Peachpit Press,
|c 2011.
|
| 300 |
|
|
|a xi, 275 p.:
|b ill. col.;
|c 24 cm.
|
| 650 |
0 |
0 |
|a Photography --
|x Digital techniques
|
| 650 |
0 |
0 |
|a Single-lens reflex cameras
|
| 650 |
0 |
0 |
|a Nikon digital cameras
|
| 997 |
|
|
|a Communication, Visual Art & Computing, Faculty
|b Visual Art, Department
|
| 999 |
|
|
|a 0000052840
|b BOK
|c OPEN SHELF
|e 1st Floor, Bestari Jaya
|